Jazyková situácia Ukrajiny v historickej perspektíve

Jazyková politika a postavenie ukrajinčiny v Sovietskom zväze. Ukrajinský jazyk po roku 1991. Jazykový zákon z roku 2012.

Gespeichert in:
Bibliographische Detailangaben
1. Verfasser: Dziváková, Michaela, 1979-
Format: Buchkapitel
Sprache:Slowakisch
Schlagworte:
Tags: Tag hinzufügen
Keine Tags, Fügen Sie das erste Tag hinzu!

MARC

LEADER 00000naa$a2200000$$$4500
001 0207119
005 20240502073435.9
041 0 |a slo 
044 |a SK 
245 1 0 |a Jazyková situácia Ukrajiny v historickej perspektíve  |c Michaela Dziváková 
520 |a Jazyková politika a postavenie ukrajinčiny v Sovietskom zväze. Ukrajinský jazyk po roku 1991. Jazykový zákon z roku 2012. 
610 2 0 |a politika 
610 2 0 |a politika kultúrna 
610 2 0 |a jazyk materinský 
610 2 0 |a jazyk štátny 
610 2 0 |a ukrajinčina 
610 2 0 |a Ukrajina 
100 1 |a Dziváková, Michaela, 1979-